000 00874nam a2200277 i 4500
003 DO-SdBNP
005 20250728094930.0
006 a||||gr|||| 00| 0
007 ta
008 231101e1996 dr ||||| |||| 00| 0 spa d
040 _aDO-SdBNP
_bspa
_cBNPHU
_erda
041 _asp
082 4 _axxx
_bR426r
_222
110 _aRepública Dominicana.
_bEjercito Nacional
_958697
245 0 0 _aReglameto militar disciplinario del Ejercito Nacional
264 _aSanto Domingo :
_bEditora Nomara,
_c1996
300 _aVolumen III ;
_c21 cm.
336 _2rdacontent
_atexto
_btxt
337 _2rdamedia
_asin mediación
_bn
338 _2rdacarrier
_avolumen
_bnc
490 _aPublicaciones de la jefatura de Estado Mayor Ejercito Nacional
590 _aInventariado 2025/DG
710 1 _aRepública Dominicana.
_bEjercito Nacional
_958697
910 _aDG
942 _2ddc
_cLF2
999 _c59648
_d59648